MARC

LEADER 00000nam0a2200000 4500
001 300766
005 20231101004511.0
035 |a (RuTPU)RU\TPU\book\325919 
090 |a 300766 
100 |a 20150716d1981 m y0rusy50 ca 
101 0 |a rus 
102 |a RU 
105 |a a j 001zy 
200 1 |a Теоретические основы химической технологии производств волокнистых материалов  |e учебное пособие  |f Л. Я. Терещенко, В. П. Панов  |g Ленинградский институт текстильной и легкой промышленности (ЛИТЛП) 
210 |a Ленинград  |c Изд-во ЛТИ  |d 1981 
215 |a 80 с.  |c ил. 
320 |a Библиогр.: с. 78 
606 1 |a Волокно химическое  |x Производство  |2 stltpush  |3 (RuTPU)RU\TPU\subj\3621 
610 1 |a волокнистые материалы 
610 1 |a химическая технология 
610 1 |a химико-технологические процессы 
610 1 |a статика 
610 1 |a кинетика 
610 1 |a гомогенные процессы 
610 1 |a гетерогенные процессы 
610 1 |a учебные пособия 
675 |a 677.4(075.8)  |v 4 
700 1 |a Терещенко  |b Л. Я.  |g Леонид Яковлевич 
701 1 |a Панов  |b В. П. 
712 0 2 |a Ленинградский институт текстильной и легкой промышленности (ЛИТЛП)  |c (1961-1992)  |2 stltpush  |3 (RuTPU)RU\TPU\col\19570 
801 1 |a RU  |b 63413507  |c 20150716 
801 2 |a RU  |b 63413507  |c 20190613  |g RCR 
942 |c BK